[Event "zonal 3.2"]
[Site "Genting Highlands MAS"]
[Date "1995.??.??"]
[Round "6"]
[White "Garma, Chito"]
[Black "Nadera, Barlo"]
[Result "0-1"]
[WhiteElo "2390"]
[BlackElo "2405"]
[EventDate "1995.07.??"]
[PlyCount "134"]

1.e4 e6 2.d4 d5 3.Nc3 Bb4 4.e5 b6 5.Qg4 Bf8 6.Bg5 Qd7 7.O-O-O Nc6 8.h4 h6 
9.Be3 Bb7 10.f4 h5 11.Qf3 g6 12.g4 hxg4 13.Qxg4 Nh6 14.Qf3 Nf5 15.Bf2 Ng7 
16.Nge2 Be7 17.Bh3 O-O-O 18.Bg4 f5 19.exf6 Bxf6 20.Rdg1 Qf7 21.Rg2 Kb8 22.
Kb1 Rh7 23.Rgh2 Rdh8 24.Qd3 Be7 25.a3 Bd6 26.Bg3 a6 27.Rf2 Ne7 28.Ng1 Ngf5
29.Bxf5 Nxf5 30.Nf3 Nxg3 31.Ng5 Nxh1 32.Nxf7 Nxf2 33.Qxg6 Rxf7 34.Qxf7 
Rxh4 35.Qxe6 Rxf4 36.Nxd5 Rxd4 37.Qe8+ Ka7 38.Ne7 Ne4 39.Nc6+ Bxc6 40.Qxc6
Nd2+ 41.Ka2 Nc4 42.Qe8 Rf4 43.Qe6 b5 44.Qd5 Nb6 45.Qd3 Ra4 46.Kb1 Rc4 47.
Qf5 Rf4 48.Qd3 Nc4 49.Ka2 Be5 50.b3 Nb6 51.Qe3 Bd6 52.Qg1 Rh4 53.Qg2 Rh2 
54.Qe4 Rd2 55.Kb2 Rd5 56.Ka2 a5 57.Kb2 Rc5 58.c3 a4 59.b4 Re5 60.Qd4 Kb7 
61.Qg4 Nc4+ 62.Ka2 c6 63.Qf3 Bc7 64.Qd1 Re3 65.Qc2 Rh3 66.Qc1 Be5 67.Qf1 
Rh2+ 0-1

[Event "zonal 3.2"]
[Site "Genting Highlands MAS"]
[Date "1995.??.??"]
[Round "6"]
[White "Wohl, Aleksandar"]
[Black "Nishimura, Hiroyuki"]
[Result "1-0"]
[WhiteElo "2400"]
[BlackElo "2285"]
[EventDate "1995.07.??"]
[PlyCount "63"]

1.e4 c5 2.Nf3 e6 3.d4 cxd4 4.Nxd4 Nc6 5.Nb5 d6 6.c4 Nf6 7.N1c3 a6 8.Na3 
Be7 9.Be2 O-O 10.Be3 b6 11.O-O Bb7 12.Qb3 Nd7 13.Rfd1 Rb8 14.f3 Nc5 15.Qc2
Qc7 16.Bf1 Rbd8 17.Rac1 f5 18.exf5 Nb4 19.Qe2 exf5 20.Nab1 Rde8 21.Qf2 f4 
22.Bd4 Qc8 23.Qd2 Qf5 24.b3 Bd8 25.Nd5 Nc6 26.Bf2 Re6 27.b4 Nd7 28.Nbc3 
Rh6 29.Ne4 Nce5 30.Rc3 Bh4 31.Bxh4 Rxh4 32.Ne7+ 1-0

[Event "zonal 3.2"]
[Site "Genting Highlands MAS"]
[Date "1995.??.??"]
[Round "6"]
[White "Nguyen Anh Dung"]
[Black "Ker, Anthony"]
[Result "1-0"]
[WhiteElo "2340"]
[BlackElo "2335"]
[EventDate "1995.07.??"]
[PlyCount "143"]

1.e4 d6 2.d4 Nf6 3.Nc3 g6 4.Be3 c6 5.Qd2 b5 6.Bd3 Qc7 7.Nf3 Nbd7 8.d5 b4 
9.dxc6 bxc3 10.cxd7+ Bxd7 11.Qxc3 Qxc3+ 12.bxc3 Bg7 13.Nd4 Ng4 14.Bd2 O-O 
15.Rb1 Rab8 16.Ke2 Rfc8 17.Ba6 Rd8 18.f3 Nf6 19.Bb7 Bc8 20.Bxc8 Rdxc8 21.
Rb3 Rb6 22.Rhb1 Nd7 23.Be3 Rxb3 24.Rxb3 Nc5 25.Ra3 a6 26.Nb3 Rc6 27.Nxc5 
dxc5 28.c4 e6 29.Rb3 Be5 30.h3 Kg7 31.Rb7 Bc7 32.Ra7 Bb8 33.Ra8 Be5 34.f4 
Bf6 35.Bd2 h5 36.e5 Be7 37.Ba5 f6 38.a4 f5 39.Rb8 g5 40.Kf3 gxf4 41.Kxf4 
Kg6 42.Kf3 Kf7 43.Bb6 Bf8 44.a5 Bg7 45.Rb7+ Kg6 46.Bc7 Bf8 47.Bb8 Rc8 48.
Rb6 Kf7 49.Bd6 Bxd6 50.Rxd6 Rb8 51.Rb6 Rd8 52.Rxa6 Rd4 53.Ra7+ Kg6 54.Re7 
Rxc4 55.Rxe6+ Kg5 56.h4+ Rxh4 57.Re8 Kg6 58.Rf8 Kg7 59.Rxf5 Ra4 60.e6 Rxa5
61.e7 Ra8 62.Rf8 Rxf8+ 63.exf8=Q+ Kxf8 64.Kf4 Kf7 65.Kg5 Ke6 66.Kxh5 Kd5 
67.g4 Kd4 68.g5 Kc3 69.g6 Kxc2 70.g7 c4 71.g8=Q c3 72.Qc4 1-0

[Event "zonal 3.2"]
[Site "Genting Highlands MAS"]
[Date "1995.??.??"]
[Round "6"]
[White "Hafizulhelmi, Mas"]
[Black "Kagan, Naum"]
[Result "1-0"]
[WhiteElo "2275"]
[BlackElo "2395"]
[EventDate "1995.07.??"]
[PlyCount "81"]

1.e4 e5 2.Nf3 Nc6 3.Bb5 a6 4.Bxc6 dxc6 5.O-O f6 6.d4 Bg4 7.dxe5 Qxd1 8.
Rxd1 fxe5 9.Nbd2 O-O-O 10.Re1 Re8 11.h3 Bh5 12.g4 Bf7 13.Ng5 Bg6 14.Ndf3 
h6 15.Nh4 Bh5 16.Ngf3 Bf7 17.Bd2 g6 18.Nxe5 Rxe5 19.Bc3 Bg7 20.Nf3 Re6 21.
Bxg7 Rh7 22.Bc3 Nf6 23.Bxf6 Rxf6 24.Kg2 g5 25.Kg3 c5 26.h4 Rg7 27.hxg5 
hxg5 28.b3 Be6 29.Rad1 b6 30.Ne5 Rh7 31.Rh1 Rfh6 32.Rxh6 Rxh6 33.Nf3 Rg6 
34.Rh1 c4 35.Rh8+ Kb7 36.Rh5 cxb3 37.cxb3 a5 38.Nxg5 Bg8 39.f4 a4 40.f5 
Rc6 41.bxa4 1-0

[Event "zonal 3.2"]
[Site "Genting Highlands MAS"]
[Date "1995.??.??"]
[Round "6"]
[White "Aung Thant Zin"]
[Black "Tu Hoang Thong"]
[Result "1-0"]
[WhiteElo "2215"]
[BlackElo "2430"]
[EventDate "1995.07.??"]
[PlyCount "95"]

1.e4 c5 2.Nf3 Nc6 3.Bb5 e6 4.O-O Nge7 5.b3 Nd4 6.Nxd4 cxd4 7.Bb2 a6 8.Bd3 
Nc6 9.c3 Bc5 10.b4 Ba7 11.a4 O-O 12.Kh1 d5 13.Qe2 f5 14.exf5 exf5 15.f4 
Re8 16.Qd1 Qf6 17.b5 Na5 18.Na3 Bd7 19.Rb1 Rac8 20.Nc2 Nc4 21.Ba1 dxc3 22.
Bxc3 d4 23.Ba1 axb5 24.axb5 Qd6 25.Bxc4+ Rxc4 26.Ne1 Be6 27.Nf3 h6 28.Ne5 
Rcc8 29.Rf3 Bd5 30.Rg3 Rxe5 31.fxe5 Qxe5 32.b6 Bb8 33.Qg1 Rd8 34.Re1 Qf4 
35.Bxd4 g5 36.Bc3 Qh4 37.Rge3 Bc6 38.Re7 Bd6 39.R7e6 Qh5 40.Rf6 f4 41.Qd4 
Bxg2+ 42.Kg1 Bc5 43.Qxc5 Bd5 44.Rf8+ Rxf8 45.Qxd5+ Qf7 46.Re7 Qxd5 47.Rg7+
Kh8 48.Rxg5+ 1-0

[Event "zonal 3.2"]
[Site "Genting Highlands MAS"]
[Date "1995.??.??"]
[Round "6"]
[White "Yang Xian"]
[Black "Mohd Kamal, Abdullah"]
[Result "1-0"]
[WhiteElo "2420"]
[BlackElo "2210"]
[EventDate "1995.07.??"]
[PlyCount "105"]

1.e4 c5 2.Nf3 d6 3.d4 cxd4 4.Nxd4 Nf6 5.Nc3 g6 6.g3 Nc6 7.Bg2 Bg4 8.Nde2 
Bg7 9.h3 Be6 10.O-O O-O 11.Nf4 Qa5 12.Nxe6 fxe6 13.Bd2 Qb6 14.Na4 Qa6 15.
Nc3 Qb6 16.Rb1 Rad8 17.Qe2 Kh8 18.Be3 Qa5 19.Qb5 Qc7 20.Rbd1 Qc8 21.a4 e5 
22.Ne2 a6 23.Qd3 d5 24.exd5 Nxd5 25.Qe4 Nxe3 26.Qxe3 Nd4 27.c3 Nxe2+ 28.
Qxe2 Qc7 29.Rxd8 Rxd8 30.Rd1 Rxd1+ 31.Qxd1 b6 32.Qd5 Qb8 33.Be4 Qc8 34.h4 
Bf6 35.Kg2 Kg7 36.Bd3 a5 37.Qe4 Qf5 38.Qxf5 gxf5 39.Bxf5 h6 40.Be6 e4 41.
Bd5 Be5 42.Bxe4 h5 43.Kf3 Bd6 44.g4 Kh6 45.Bc6 hxg4+ 46.Kxg4 Bc5 47.f3 Kg6
48.Be8+ Kf6 49.Kf4 Bd6+ 50.Ke4 Bg3 51.h5 Kg5 52.Bg6 Bf4 53.h6 1-0

[Event "zonal 3.2"]
[Site "Genting Highlands MAS"]
[Date "1995.??.??"]
[Round "6"]
[White "Norris, Damian"]
[Black "Mohd Saprin, Sabri"]
[Result "0-1"]
[WhiteElo "2170"]
[BlackElo "2205"]
[EventDate "1995.07.??"]
[PlyCount "88"]

1.d4 Nf6 2.c4 g6 3.Nc3 Bg7 4.e4 d6 5.f4 O-O 6.Nf3 c5 7.Be2 cxd4 8.Nxd4 Nc6
9.Be3 Qb6 10.Nc2 Qxb2 11.Na4 Qxa1 12.Nxa1 Nxe4 13.O-O Be6 14.Bd3 d5 15.f5 
gxf5 16.cxd5 Bxd5 17.Rxf5 e6 18.Rf4 Rfd8 19.Qh5 f5 20.Nc2 Nf6 21.Qe2 Ne5 
22.Nb4 Nxd3 23.Nxd3 b5 24.Nac5 Bc4 25.Bf2 Ne4 26.Rxe4 fxe4 27.Qxe4 Rac8 
28.h3 Bxa2 29.Qg4 Kh8 30.Nxe6 Bxe6 31.Qxe6 Re8 32.Qg4 Rcd8 33.Nf4 Re4 34.
Qf3 Rde8 35.Nd5 Be5 36.Nf6 Rf4 37.Nxe8 Rxf3 38.gxf3 b4 39.f4 b3 40.fxe5 b2
41.Bxa7 b1=Q+ 42.Kg2 Qb7+ 43.Kg3 Qxa7 44.Kf4 Qa4+ 0-1

[Event "zonal 3.2"]
[Site "Genting Highlands MAS"]
[Date "1995.??.??"]
[Round "7"]
[White "Utut Adianto"]
[Black "Nguyen Anh Dung"]
[Result "1-0"]
[WhiteElo "2585"]
[BlackElo "2340"]
[EventDate "1995.07.??"]
[PlyCount "73"]

1.d4 Nf6 2.c4 c5 3.d5 b5 4.cxb5 a6 5.f3 axb5 6.e4 Qa5+ 7.Bd2 b4 8.Na3 d6 
9.Nc4 Qc7 10.a3 bxa3 11.Rxa3 Rxa3 12.Nxa3 Bd7 13.Nb5 Bxb5 14.Bxb5+ Nbd7 
15.Qa4 e6 16.Qa8+ Qd8 17.Qa7 exd5 18.Ba5 Qc8 19.Bc7 Ke7 20.Ba6 Qe8 21.Ne2 
g6 22.b4 Bh6 23.bxc5 dxc5 24.e5 Qa8 25.exf6+ Kxf6 26.Qb7 Re8 27.Qb2+ d4 
28.Bb7 Qa7 29.Kf2 c4 30.Kg3 Be3 31.Qb5 Qa2 32.Qxd7 Qxe2 33.Bd5 Kg5 34.h4+ 
Kh6 35.Qxf7 Re7 36.Qf8+ Kh5 37.Kh3 1-0

[Event "zonal 3.2"]
[Site "Genting Highlands MAS"]
[Date "1995.??.??"]
[Round "7"]
[White "Nadera, Barlo"]
[Black "Antonio, Rogelio jr"]
[Result "1/2-1/2"]
[WhiteElo "2405"]
[BlackElo "2495"]
[EventDate "1995.07.??"]
[PlyCount "20"]

1.c4 e6 2.g3 d5 3.Bg2 Nf6 4.Nf3 c6 5.b3 Be7 6.Bb2 O-O 7.O-O a5 8.a3 Nbd7 
9.d4 Ne4 10.e3 f5 1/2-1/2

[Event "zonal 3.2"]
[Site "Genting Highlands MAS"]
[Date "1995.??.??"]
[Round "7"]
[White "Yang Xian"]
[Black "Garma, Chito"]
[Result "0-1"]
[WhiteElo "2420"]
[BlackElo "2390"]
[EventDate "1995.07.??"]
[PlyCount "54"]

1.e4 c5 2.Nf3 Nc6 3.d4 cxd4 4.Nxd4 Nf6 5.Nc3 e5 6.Ndb5 d6 7.Nd5 Nxd5 8.
exd5 Nb8 9.c4 Be7 10.Be2 O-O 11.O-O f5 12.c5 a6 13.cxd6 Bxd6 14.Bg5 Qd7 
15.Nxd6 Qxd6 16.Bc4 Kh8 17.Rc1 f4 18.Qh5 Bf5 19.Qh4 Re8 20.g3 h6 21.gxf4 
Nd7 22.Qh5 Bh7 23.Bh4 exf4 24.f3 Ne5 25.Bf2 Bg6 26.Qh3 Nxc4 27.Rxc4 Bd3 
0-1

[Event "zonal 3.2"]
[Site "Genting Highlands MAS"]
[Date "1995.??.??"]
[Round "7"]
[White "Wohl, Aleksandar"]
[Black "Donguines, Fernie"]
[Result "0-1"]
[WhiteElo "2400"]
[BlackElo "2380"]
[EventDate "1995.07.??"]
[PlyCount "48"]

1.e4 c5 2.Ne2 Nf6 3.Nbc3 e6 4.d4 cxd4 5.Nxd4 d6 6.g4 a6 7.g5 Nfd7 8.Be3 
Nc6 9.Rg1 Qc7 10.Qh5 g6 11.Qe2 Bg7 12.O-O-O O-O 13.f4 Re8 14.Bg2 Na5 15.
Kb1 Rb8 16.f5 Be5 17.Bh3 Nb6 18.f6 Nd7 19.Qf2 Nc4 20.Nxe6 Na3+ 21.bxa3 
Qxc3 22.Nd4 Nc5 23.Bxc8 Rbxc8 24.Bc1 Rc6 0-1

[Event "zonal 3.2"]
[Site "Genting Highlands MAS"]
[Date "1995.??.??"]
[Round "7"]
[White "Handoko, Edhi"]
[Black "Hafizulhelmi, Mas"]
[Result "1-0"]
[WhiteElo "2500"]
[BlackElo "2275"]
[EventDate "1995.07.??"]
[PlyCount "63"]

1.e4 c5 2.c3 b6 3.d4 Bb7 4.Nd2 Nf6 5.e5 Ne4 6.Ngf3 e6 7.Bd3 Nxd2 8.Bxd2 d5
9.O-O Qd7 10.b3 cxd4 11.cxd4 Ba6 12.Bxa6 Nxa6 13.Qe2 Nc7 14.Rac1 Be7 15.
Bg5 Ba3 16.Rc2 h6 17.Bc1 Be7 18.Bd2 O-O 19.Rfc1 Rfc8 20.b4 b5 21.Ne1 Rab8 
22.h3 a6 23.Nd3 Na8 24.Nc5 Qa7 25.Qg4 h5 26.Qxh5 Nb6 27.Qg4 Bf8 28.Rc3 Nc4
29.Bg5 a5 30.Rg3 Rc6 31.Bf6 g6 32.Qh4 1-0

[Event "zonal 3.2"]
[Site "Genting Highlands MAS"]
[Date "1995.??.??"]
[Round "7"]
[White "Sandler, Leonid"]
[Black "Sadikin, Irwanto"]
[Result "1/2-1/2"]
[WhiteElo "2375"]
[BlackElo "2375"]
[EventDate "1995.07.??"]
[PlyCount "138"]

1.Nf3 Nf6 2.c4 e6 3.g3 d5 4.Bg2 Be7 5.O-O O-O 6.d4 Nbd7 7.Qc2 c6 8.Nbd2 b6
9.e4 Bb7 10.Rd1 Rc8 11.b3 Qc7 12.e5 Ne8 13.Bb2 c5 14.dxc5 Nxc5 15.Rac1 
dxc4 16.Nxc4 Qb8 17.Qe2 Qa8 18.Rd4 Rd8 19.Rxd8 Bxd8 20.Rd1 Nc7 21.Nd6 Bd5 
22.Ba3 Be7 23.Bxc5 bxc5 24.Ne1 Qc6 25.Bxd5 Nxd5 26.Qb5 Qb6 27.Qxb6 axb6 
28.Nb5 f6 29.Nd3 Rd8 30.exf6 Bxf6 31.Re1 Nc3 32.Nxc3 Bxc3 33.Re3 Bd2 34.
Rf3 Rd5 35.Nb2 b5 36.Kf1 Bc1 37.Nd3 Bh6 38.Ke2 e5 39.Rf5 c4 40.bxc4 bxc4 
41.Nb4 Rd2+ 42.Kf3 Rb2 43.Nd5 g6 44.Rxe5 Rxa2 45.Re8+ Kf7 46.Re7+ Kf8 47.
Rc7 Rd2 48.Nf6 Rd4 49.h4 Bd2 50.Nxh7+ Ke8 51.Ng5 c3 52.Ke2 Bxg5 53.hxg5 
Rd5 54.f4 Rd2+ 55.Ke3 Rg2 56.Kf3 Rc2 57.Rg7 Rc1 58.Kg2 c2 59.Rc7 Kd8 60.
Rc3 Ke7 61.g4 Ke6 62.Kh2 Rf1 63.Rxc2 Rxf4 64.Kg3 Rd4 65.Rc7 Rd5 66.Kh4 Rd7
67.Rxd7 Kxd7 68.Kg3 Kd6 69.Kf3 Kd5 1/2-1/2

[Event "zonal 3.2"]
[Site "Genting Highlands MAS"]
[Date "1995.??.??"]
[Round "7"]
[White "Toh, Terry"]
[Black "Ginting, Nasib"]
[Result "1/2-1/2"]
[WhiteElo "2315"]
[BlackElo "2390"]
[EventDate "1995.07.??"]
[PlyCount "88"]

1.d4 Nf6 2.c4 g6 3.Nc3 Bg7 4.e4 d6 5.f3 O-O 6.Bg5 a6 7.Qd2 Nbd7 8.Bd3 c5 
9.d5 Ne5 10.Nge2 b5 11.cxb5 Nxd3+ 12.Qxd3 axb5 13.Qxb5 Ba6 14.Qb3 Qa5 15.
O-O Rfb8 16.Qc2 Nd7 17.Bxe7 Qb6 18.Rac1 Bd3 19.Qd2 c4+ 20.Kh1 Qxb2 21.Rfd1
Bxe2 22.Nxe2 Rxa2 23.Qxb2 Rbxb2 24.Nc3 Ra3 25.Nb1 Rab3 26.Nd2 Rxd2 27.Rxd2
Bh6 28.Rdc2 Bxc1 29.Rxc1 c3 30.Kg1 f5 31.Bxd6 fxe4 32.fxe4 Nf6 33.Be5 Nxe4
34.d6 Kf7 35.d7 Ke7 36.Rd1 Nd2 37.Bxc3 Rxc3 38.Rxd2 Kd8 39.Kf2 Rc7 40.Kf3 
Rxd7 41.Rxd7+ Kxd7 42.Kf4 Ke6 43.g4 h6 44.h4 h5 1/2-1/2

[Event "zonal 3.2"]
[Site "Genting Highlands MAS"]
[Date "1995.??.??"]
[Round "7"]
[White "Hsu Li Yang"]
[Black "Mohd Saprin, Sabri"]
[Result "1-0"]
[WhiteElo "2460"]
[BlackElo "2205"]
[EventDate "1995.07.??"]
[PlyCount "175"]

1.c4 e5 2.g3 Nf6 3.Bg2 d5 4.cxd5 Nxd5 5.Nc3 Nb6 6.Nf3 Nc6 7.a3 a5 8.O-O 
Be7 9.Rb1 f6 10.Qb3 a4 11.Qd1 Be6 12.d3 Bb3 13.Qe1 Qd7 14.Be3 Nd5 15.Nxd5 
Bxd5 16.Qc3 O-O 17.Rbc1 Rfd8 18.Rfd1 Ra5 19.Nd2 Bxg2 20.Kxg2 Qd5+ 21.f3 f5
22.Nb1 Rb5 23.Qc2 Qb3 24.Nc3 Qxc2 25.Rxc2 Ra5 26.Bf2 Nd4 27.Bxd4 Rxd4 28.
e3 Rd8 29.g4 g6 30.Kf2 Kf7 31.Ke2 h5 32.gxf5 gxf5 33.Rg1 c6 34.Rcc1 Rg8 
35.Rxg8 Kxg8 36.d4 Bf6 37.Kd3 Ra8 38.f4 exd4 39.exd4 Rd8 40.Ne2 Rd5 41.Rc4
c5 42.Rxa4 b5 43.Ra5 Bxd4 44.Nxd4 Rxd4+ 45.Ke3 Re4+ 46.Kf3 b4 47.Rxc5 bxa3
48.bxa3 Ra4 49.Rxf5 Rxa3+ 50.Kg2 Kg7 51.Rxh5 Kg6 52.Rh3 Ra2+ 53.Kg3 Kf5 
54.Rh5+ Kg6 55.Rg5+ Kf6 56.Rh5 Ra8 57.h4 Ra1 58.Rg5 Rg1+ 59.Kf3 Rf1+ 60.
Kg4 Rg1+ 61.Kh5 Rf1 62.Rg6+ Kf7 63.Rg4 Kf6 64.Kh6 Rf2 65.h5 Rh2 66.Rg8 Kf7
67.Rg6 Rf2 68.Kg5 Rg2+ 69.Kf5 Rh2 70.Rf6+ Ke7 71.Rh6 Rf2 72.Rh7+ Kf8 73.
Ra7 Rb2 74.Kg5 Rb8 75.f5 Rb1 76.h6 Kg8 77.Re7 Rh1 78.Kg6 Rg1+ 79.Kf6 Rh1 
80.h7+ Kh8 81.Kf7 Rxh7+ 82.Kf8 Rg7 83.f6 Rg8+ 84.Kf7 Rf8+ 85.Kg6 Rg8+ 86.
Kh6 Ra8 87.Rh7+ Kg8 88.f7+ 1-0

[Event "zonal 3.2"]
[Site "Genting Highlands MAS"]
[Date "1995.??.??"]
[Round "7"]
[White "Kagan, Naum"]
[Black "Mohd Kamal, Abdullah"]
[Result "1-0"]
[WhiteElo "2395"]
[BlackElo "2210"]
[EventDate "1995.07.??"]
[PlyCount "91"]

1.d4 Nf6 2.Nf3 g6 3.g3 Bg7 4.Bg2 O-O 5.c4 d6 6.Nc3 c6 7.O-O Nbd7 8.h3 a6 
9.e4 e5 10.b3 Qa5 11.Bd2 Qc7 12.Re1 Re8 13.Be3 Qa5 14.Qc2 b5 15.c5 exd4 
16.Nxd4 Bb7 17.cxd6 c5 18.b4 Qxb4 19.Rab1 Qa5 20.Nb3 Qd8 21.f3 Rc8 22.Nd2 
Qa5 23.f4 Ng4 24.e5 Nxe3 25.Rxe3 Bxg2 26.Kxg2 Qb6 27.Nde4 Qc6 28.Kh2 f6 
29.exf6 Nxf6 30.Rbe1 Nd7 31.Qb3+ c4 32.Qd1 Nb6 33.a3 Rcd8 34.Qf3 Qd7 35.
Rd1 Qe6 36.Re2 Qf5 37.g4 Qc8 38.Rde1 Kh8 39.Ng5 Qd7 40.Re7 Rxe7 41.Rxe7 
Qc8 42.Nf7+ Kg8 43.Nxd8 Qxd8 44.Qc6 Kf8 45.Nd5 Nc8 46.Nc7 1-0

[Event "zonal 3.2"]
[Site "Genting Highlands MAS"]
[Date "1995.??.??"]
[Round "7"]
[White "Ker, Anthony"]
[Black "Aung Thant Zin"]
[Result "1-0"]
[WhiteElo "2335"]
[BlackElo "2215"]
[EventDate "1995.07.??"]
[PlyCount "53"]

1.d4 Nf6 2.c4 e6 3.Nc3 d5 4.cxd5 exd5 5.Bg5 Be7 6.Qc2 O-O 7.e3 c6 8.Bd3 
Nbd7 9.Nge2 Re8 10.O-O-O Ne4 11.Bxe4 dxe4 12.h4 Bxg5 13.hxg5 Qxg5 14.Nxe4 
Qg6 15.f3 Nf8 16.Nf4 Qf5 17.Rh5 Qd7 18.Rdh1 Qe7 19.Kb1 f6 20.d5 g6 21.Qc3 
Kg7 22.d6 Qd8 23.Nxf6 Qxf6 24.Rxh7+ Nxh7 25.Rxh7+ Kxh7 26.Qxf6 Bf5+ 27.e4 
1-0

[Event "zonal 3.2"]
[Site "Genting Highlands MAS"]
[Date "1995.??.??"]
[Round "8"]
[White "Handoko, Edhi"]
[Black "Hsu Li Yang"]
[Result "1/2-1/2"]
[WhiteElo "2500"]
[BlackElo "2460"]
[EventDate "1995.07.??"]
[PlyCount "67"]

1.e4 c5 2.c3 Nf6 3.e5 Nd5 4.d4 cxd4 5.Nf3 Nc6 6.Bc4 Nb6 7.Bb3 g6 8.a4 d5 
9.exd6 Qxd6 10.O-O Bg7 11.a5 Nd7 12.cxd4 Nxd4 13.Nxd4 Qxd4 14.Qf3 Ne5 15.
Qg3 O-O 16.Nc3 Qg4 17.Bg5 Qxg3 18.hxg3 Nc6 19.a6 bxa6 20.Ba4 Bb7 21.Nd5 
Kh8 22.Nxe7 Nb4 23.Rad1 h6 24.Be3 Rfd8 25.Bb3 Bf6 26.Rxd8+ Rxd8 27.Bc5 Nd3
28.Rd1 Rd7 29.Ba3 Kg7 30.Ba4 Rd4 31.Bc6 Bxc6 32.Nxc6 Rc4 33.Na5 Rd4 34.Nc6
1/2-1/2

[Event "zonal 3.2"]
[Site "Genting Highlands MAS"]
[Date "1995.??.??"]
[Round "8"]
[White "Donguines, Fernie"]
[Black "Antonio, Rogelio jr"]
[Result "1/2-1/2"]
[WhiteElo "2380"]
[BlackElo "2495"]
[EventDate "1995.07.??"]
[PlyCount "94"]

1.e4 c6 2.Nf3 d5 3.Nc3 Bg4 4.h3 Bxf3 5.Qxf3 e6 6.Be2 Nd7 7.d3 Bc5 8.Qg3 
Bd4 9.O-O Ne7 10.Kh1 O-O 11.f4 f5 12.Bf3 fxe4 13.dxe4 Bxc3 14.bxc3 dxe4 
15.Bxe4 Nc5 16.Bf3 Qa5 17.Qe1 Nf5 18.a4 Qa6 19.Kh2 Qc4 20.a5 Rf6 21.Rg1 
Ne7 22.Be3 Nd7 23.Be2 Qe4 24.Bd3 Qd5 25.c4 Qd6 26.g3 Nf5 27.Rd1 Qc7 28.Bf2
e5 29.Qd2 Nf8 30.fxe5 Qxe5 31.Rge1 Qc7 32.Kg2 Ng6 33.Bxf5 Rxf5 34.Qd7 Qxd7
35.Rxd7 Rf7 36.Rxf7 Kxf7 37.Rb1 b6 38.axb6 axb6 39.Rxb6 Ra2 40.Rxc6 Rxc2 
41.Rc7+ Ne7 42.Kf1 Ke6 43.g4 Rc3 44.h4 Kd6 45.Rc5 Rc1+ 46.Kg2 Rc2 47.Rh5 
Rxc4 1/2-1/2

[Event "zonal 3.2"]
[Site "Genting Highlands MAS"]
[Date "1995.??.??"]
[Round "8"]
[White "Ginting, Nasib"]
[Black "Wohl, Aleksandar"]
[Result "1/2-1/2"]
[WhiteElo "2390"]
[BlackElo "2400"]
[EventDate "1995.07.??"]
[PlyCount "127"]

1.d4 d5 2.c4 dxc4 3.Nf3 Nf6 4.e3 e6 5.Bxc4 a6 6.O-O Nbd7 7.a4 Bd6 8.b3 Qe7
9.Nbd2 e5 10.e4 O-O 11.Re1 c5 12.d5 b6 13.Nf1 Ne8 14.Ng3 g6 15.Bh6 Ng7 16.
Ng5 Nf6 17.h3 Kh8 18.Nf3 Ng8 19.Bg5 f6 20.Bd2 Qb7 21.Qc2 Bd7 22.Bf1 Rae8 
23.Qb2 b5 24.axb5 axb5 25.b4 c4 26.Be3 Ra8 27.Bc5 Qc7 28.Bxd6 Qxd6 29.Ne2 
Nh6 30.Nc3 Nf7 31.Ra3 Rxa3 32.Qxa3 Ne8 33.Ra1 Nc7 34.Qb2 Na6 35.Ne1 Rb8 
36.Nc2 Nc7 37.Ra5 Qb6 38.Qc1 Ra8 39.Qe3 Qxe3 40.Rxa8+ Nxa8 41.Nxe3 Nd6 42.
f3 Kg7 43.Kf2 f5 44.g4 fxg4 45.fxg4 Kf6 46.h4 g5 47.h5 Nc7 48.Be2 Na6 49.
Nc2 Ke7 50.Bf3 Ne8 51.Na2 Nf6 52.Ne3 Kd6 53.Ke2 Kc7 54.Kd2 Kb7 55.Kc2 Nc7 
56.Nc3 Nce8 57.Ncd1 Nd6 58.Nf2 h6 59.Ned1 Be8 60.Nc3 Bf7 61.Kd2 Bg8 62.Bg2
Bh7 63.Bf3 Nd7 64.Na2 1/2-1/2

[Event "zonal 3.2"]
[Site "Genting Highlands MAS"]
[Date "1995.??.??"]
[Round "8"]
[White "Sadikin, Irwanto"]
[Black "Garma, Chito"]
[Result "1-0"]
[WhiteElo "2375"]
[BlackElo "2390"]
[EventDate "1995.07.??"]
[PlyCount "121"]

1.d4 Nf6 2.c4 e6 3.Nc3 Bb4 4.e3 b6 5.Bd3 Bb7 6.Nf3 O-O 7.O-O d5 8.cxd5 
exd5 9.Qc2 Nbd7 10.Ne5 Nxe5 11.dxe5 Ng4 12.Bxh7+ Kh8 13.Bf5 Nxe5 14.f4 Nd7
15.Rf3 g6 16.Rh3+ Kg7 17.Rg3 Kf6 18.Bd3 Bc5 19.b4 Bxb4 20.Nxd5+ Bxd5 21.
Qb2+ Ke7 22.Qxb4+ c5 23.Qc3 Qc7 24.Bb2 Rae8 25.Rd1 Bc6 26.Rg5 Kd8 27.Ba6 
Re6 28.Qg7 Rd6 29.Rc1 Re8 30.Qxf7 Rxe3 31.Rxg6 Rxg6 32.Qxg6 b5 33.Rd1 Qa5 
34.Kf2 Re2+ 35.Kxe2 Qxa6 36.Qg8+ Kc7 37.Be5+ Nxe5 38.fxe5 Qa4 39.e6 Qe4+ 
40.Kf1 b4 41.Qg3+ Kb7 42.Re1 Qc4+ 43.Kg1 Qxa2 44.e7 Qf7 45.Qe5 Qg8 46.g3 
Be8 47.Qxc5 a5 48.Rc1 Qg6 49.Qxa5 Qd6 50.Qd8 Qe5 51.Qxe8 Qe3+ 52.Kg2 Qe4+ 
53.Kh3 Qe6+ 54.g4 Qh6+ 55.Kg3 Qd6+ 56.Kh4 Qxh2+ 57.Kg5 Qe5+ 58.Kg6 Qe4+ 
59.Kg7 Qe5+ 60.Kh6 Qe3+ 61.Kg7 1-0

[Event "zonal 3.2"]
[Site "Genting Highlands MAS"]
[Date "1995.??.??"]
[Round "8"]
[White "Sandler, Leonid"]
[Black "Ker, Anthony"]
[Result "1/2-1/2"]
[WhiteElo "2375"]
[BlackElo "2335"]
[EventDate "1995.07.??"]
[PlyCount "47"]

1.d4 Nf6 2.c4 c5 3.d5 e6 4.Nc3 exd5 5.cxd5 d6 6.e4 g6 7.f4 Bg7 8.Bb5+ Nfd7
9.a4 O-O 10.Nf3 Nf6 11.O-O Bg4 12.h3 Bxf3 13.Qxf3 Na6 14.Be3 Nd7 15.Rae1 
Nb4 16.Re2 a6 17.Bxd7 Qxd7 18.f5 Rfe8 19.f6 Bf8 20.Bf4 Qd8 21.Bg5 c4 22.
Qe3 Re5 23.Bf4 Re8 24.Bh6 1/2-1/2

[Event "zonal 3.2"]
[Site "Genting Highlands MAS"]
[Date "1995.??.??"]
[Round "8"]
[White "Hafizulhelmi, Mas"]
[Black "Yang Xian"]
[Result "1/2-1/2"]
[WhiteElo "2275"]
[BlackElo "2420"]
[EventDate "1995.07.??"]
[PlyCount "118"]

1.e4 c5 2.Nf3 d6 3.d4 cxd4 4.Nxd4 Nf6 5.Nc3 Nc6 6.Be2 e5 7.Nf3 h6 8.O-O 
Be7 9.Re1 a6 10.h3 O-O 11.Bf1 Nb8 12.Nd5 Nxd5 13.exd5 Bf5 14.c4 Nd7 15.Bd3
Bxd3 16.Qxd3 a5 17.Qe2 Re8 18.b3 Bf8 19.Ba3 f5 20.Qc2 Qf6 21.Bb2 g5 22.a3 
Rec8 23.b4 axb4 24.axb4 Rxa1 25.Bxa1 b5 26.c5 g4 27.hxg4 fxg4 28.Nh2 h5 
29.c6 Nb6 30.Qd3 Qf7 31.Rd1 Nc4 32.Bc3 Bh6 33.Ra1 Rf8 34.Be1 Kh8 35.Ra6 
Bd2 36.Bxd2 Qxf2+ 37.Kh1 Nxd2 38.Ra1 Qd4 39.Qxd4 exd4 40.Rd1 Ne4 41.Kg1 
Nc3 42.Rd2 Kg7 43.Nf1 h4 44.g3 Rc8 45.gxh4 Kf6 46.Nh2 Ke5 47.Nxg4+ Kxd5 
48.h5 Ne4 49.Rh2 Rxc6 50.h6 Rc1+ 51.Kg2 Rc2+ 52.Kf3 Ng5+ 53.Kf4 Rxh2 54.
Nxh2 Nf7 55.h7 Ke6 56.Nf3 Kf6 57.Nxd4 Kg7 58.Nxb5 Ne5 59.Nxd6 Nd3+ 1/2-1/2

[Event "zonal 3.2"]
[Site "Genting Highlands MAS"]
[Date "1995.??.??"]
[Round "8"]
[White "Nishimura, Hiroyuki"]
[Black "Kagan, Naum"]
[Result "1-0"]
[WhiteElo "2285"]
[BlackElo "2395"]
[EventDate "1995.07.??"]
[PlyCount "114"]

1.e4 e5 2.Nf3 Nc6 3.Bb5 a6 4.Ba4 d6 5.c3 Bd7 6.O-O g6 7.d4 Bg7 8.Bg5 Nge7 
9.dxe5 dxe5 10.Qe2 h6 11.Be3 b6 12.Rd1 Qc8 13.h3 O-O 14.Bb3 Na5 15.c4 c5 
16.Nc3 Ra7 17.Ba4 Nac6 18.Bxc6 Bxc6 19.Nd5 Bxd5 20.cxd5 f5 21.Qc4 Kh7 22.
Rac1 a5 23.Rc3 Qa6 24.Bc1 Qxc4 25.Rxc4 Rd7 26.Re1 fxe4 27.Rcxe4 Nxd5 28.
Nxe5 Re7 29.Nxg6 Kxg6 30.Rxe7 Nxe7 31.Rxe7 Rd8 32.Be3 Rd6 33.b3 Bf6 34.Rb7
Bd4 35.Bf4 Rf6 36.g3 Re6 37.Kf1 c4 38.bxc4 Bc5 39.Be3 Bxe3 40.fxe3 h5 41.
Ke2 Kf5 42.Rh7 Kg6 43.Rd7 Rf6 44.a4 Rc6 45.Rd4 Kf5 46.Rd5+ Kg6 47.Kd3 Rf6 
48.h4 Kh6 49.c5 bxc5 50.Rxc5 Rg6 51.Rxa5 Rxg3 52.Rc5 Rg1 53.Rc4 Ra1 54.Kd4
Kg6 55.Kc5 Ra3 56.Kb6 Rxe3 57.a5 Rb3+ 1-0

[Event "zonal 3.2"]
[Site "Genting Highlands MAS"]
[Date "1995.??.??"]
[Round "8"]
[White "Nguyen Anh Dung"]
[Black "Toh, Terry"]
[Result "0-1"]
[WhiteElo "2340"]
[BlackElo "2315"]
[EventDate "1995.07.??"]
[PlyCount "90"]

1.c4 e5 2.Nc3 Nf6 3.Nf3 Nc6 4.e3 Bb4 5.Nd5 e4 6.Nxb4 Nxb4 7.Nd4 c5 8.Nb5 
d5 9.cxd5 O-O 10.Nc3 Nfxd5 11.Nxe4 Bf5 12.d3 c4 13.a3 cxd3 14.axb4 Nxb4 
15.Ra4 Nc2+ 16.Kd2 Bxe4 17.Rxe4 Qa5+ 18.Kxd3 Rac8 19.Ke2 Rfd8 20.Bd2 Qb5+ 
21.Kf3 Qd5 22.g4 g6 23.Rg1 Rc6 24.Bg2 f5 25.gxf5 gxf5 26.Bh3+ Rg6 27.Rxg6+
hxg6 28.Qxc2 fxe4+ 29.Ke2 Qh5+ 30.Ke1 Qxh3 31.Qc4+ Kh7 32.Qf7+ Kh6 33.Bc3 
Qd7 34.Qf4+ Kh5 35.Bd4 Qg4 36.Qf7 Rd7 37.Qe8 Qf5 38.Qh8+ Kg5 39.Kf1 a6 40.
h3 a5 41.Ke1 a4 42.Be5 Qe6 43.Kf1 Kf5 44.Bc3 Qe7 45.Kg2 Rd8 0-1

[Event "zonal 3.2"]
[Site "Genting Highlands MAS"]
[Date "1995.??.??"]
[Round "8"]
[White "Mohd Kamal, Abdullah"]
[Black "Tu Hoang Thong"]
[Result "0-1"]
[WhiteElo "2210"]
[BlackElo "2430"]
[EventDate "1995.07.??"]
[PlyCount "62"]

1.e4 c5 2.Nf3 Nc6 3.d4 cxd4 4.Nxd4 Nf6 5.Nc3 e5 6.Ndb5 d6 7.Nd5 Nxd5 8.
exd5 Ne7 9.c4 Nf5 10.Bd3 g6 11.O-O a6 12.Nc3 Bg7 13.b4 O-O 14.Rb1 Nd4 15.
a4 f5 16.f3 Qh4 17.Bd2 Bd7 18.Be1 Qh5 19.c5 g5 20.Bc4 Kh8 21.Bf2 Rf6 22.
Ne2 Rh6 23.h4 Nxe2+ 24.Bxe2 f4 25.Rc1 dxc5 26.bxc5 gxh4 27.Re1 Rg8 28.Bd3 
h3 29.g4 fxg3 30.Bxg3 Bf6 31.Kf2 Rxg3 0-1